000 00456nam a2200181Ia 4500
008 100920s9999 xx 000 0 und d
082 _b77214
_a--- 0
100 _aकाळे वैजयंती.
245 _aभुरळ.
260 _b---
_c0
300 _a220
_bसाधी
365 _b70
520 _aकादंबरी.
630 _aभुरळ.
650 _aकादंबरी.
730 _aभुरळ.
942 _cBOOK
999 _c718519
_d718516